000 00515nam a2200193 a 4500
001 1766310660189
003 YourLibrary
005 20251222104446.0
008 251221s2005##################000#0#eng##
020 _a9780521824873
082 0 4 _a263.04240
_bCOS
100 1 _aCoster, Will,
_eauthor.
245 1 0 _aSacred Space in Early Modern Europe :
260 _bCambridge University Press,
_c2005.
300 _a380 pages
650 0 _aHistory.
942 _cENGLISH
040 _aYourLibrary
_beng
_cYourLibrary
999 _c603521
_d603521